000 00592nam a2200205Ii 4500
003 JO-AjNU
008 230606s9999||||xx |||||||||||||| ||und||
020 _a0-471-60521-2
040 _aJO-AjNU
_beng
_erda
_cJO-AjNU
041 _aeng
050 1 4 _aQA76.9.F5 T48 1988
100 3 _aTHARP,ALAN L,
_eauthor
_9797
245 0 0 _aFILE Organization And processing
264 3 1 _aJohn Wiley:canada,1988
300 _a398p
336 _atext
_btxt
_2rdacontent
337 _aunmediated
_bn
_2rdamedia
338 _avolume
_bnc
_2rdacarrier
650 4 _a File organization (Computer science) 
_9798
999 _aE420
_c420
_d420